000 00807nam a22002537a 4500
001 BR9300201
003 BR-BrBNA
005 20230928093802.0
007 ta
008 230509b bl.||||| |||| 00| 0 por d
040 _aBR-BrBNA
_bpor
_cBiblioteca Nacional de Agricultura
041 _a(Por)
072 _aL01
_b7100
090 _ 7100 BR9300201
110 1 _aFederacao Internacional das Associacoes de Apicultura, Rio de Janeiro, RJ (Brasil)
_94673
111 1 _a32. Congresso Internacional de Apicultura
_cRio de Janeiro, RJ (Brazil)
_d22-28 Oct 1989
245 1 _aO 32. Congresso internacional de apicultura
_b2. circular
260 3 _aRio de Janeiro, RJ (Brasil):
_c1989.
300 _a37 p.
650 _aAbelha
650 _aApicultura
909 _a202309
_bLucia
_c55
_dLucia Elande
942 _cBK
999 _c47090
_d47090